000 00366cam a2200157ua 4500
041 _aeng
_h
082 _a823.308
_bDIC/OL
100 _aDickens, Charles.
245 _aOliver Twist /
_cCharles Dickens.
_hTextual Documents
250 _a1 /
_b.
260 _aLondon :
_bLongman ,
_c1964.
300 _a147 ; .
504 _a
942 _cBK
999 _c7835
_d7835